000 00566nam a2200169Ia 4500
008 090711s9999 xx 000 0 und d
082 _b33931
100 _aभट रवींद्र
245 _aसागरा प्राण तळमळला
260 _bसंजय प्रकाशन
_c1973
300 _a421
600 _aभट रवींद्र
630 _aसागरा प्राण तळमळला
700 _aभट रवींद्र
730 _aसागरा प्राण तळमळला
942 _cBOOK
999 _c330440
_d330440